एक शमशेर भी है / (Record no. 51710)

MARC details
000 -LEADER
fixed length control field 04649nam a22004817a 4500
005 - DATE AND TIME OF LATEST TRANSACTION
control field 20080929101452.0
010 ## - LCCN (DPL NO)
LC control number HIN-92413 B-443978-993
020 ## - INTERNATIONAL STANDARD BOOK NUMBER
Terms of availability 450.00
International Standard Book Number 9788126720170
035 ## - SYSTEM CONTROL NUMBER
System control number HN-64759
035 ## - SYSTEM CONTROL NUMBER
System control number B-443978-993
037 ## - SOURCE OF ACQUISITION
Source of stock number/acquisition DBAD / PUB
037 ## - SOURCE OF ACQUISITION
Source of stock number/acquisition एलाईड पब्लिशर्स/
082 ## - DEWEY DECIMAL CLASSIFICATION NUMBER
Classification number
245 ## - TITLE STATEMENT
Title एक शमशेर भी है /
Statement of responsibility, etc दूधनाथ सिंह द्वारा संपादित
246 ## - VARYING FORM OF TITLE
Title proper/short title Ek Shamsher bhee hai
Remainder of title by Doodh Nath Singh
260 ## - PUBLICATION, DISTRIBUTION, ETC. (IMPRINT)
Place of publication, distribution, etc नई दिल्ली
Name of publisher, distributor, etc राजकमल प्रकाशन
Date of publication, distribution, etc 2011
270 ## - ADDRESS
Address 1-बी, नेताजी सुभाष मार्ग
City नई दिल्ली
Postal code 110002
300 1# - PHYSICAL DESCRIPTION
Extent 310पृ.
Dimensions 22सेमी (सजिल्द)
650 ## - SUBJECT ADDED ENTRY--TOPICAL TERM
Topical term or geographic name as entry element लघु कथाएँ, हिन्दी
650 ## - SUBJECT ADDED ENTRY--TOPICAL TERM
Topical term or geographic name as entry element Short Stories
700 ## - ADDED ENTRY--PERSONAL NAME
9 (RLIN) 26643
Personal name दूधनाथ सिंह
700 ## - ADDED ENTRY--PERSONAL NAME
9 (RLIN) 27078
710 ## - ADDED ENTRY--CORPORATE NAME
9 (RLIN) 26662
942 ## - ADDED ENTRY ELEMENTS (KOHA)
Source of classification or shelving scheme Dewey Decimal Classification
Item type Hindi Books
Call number suffix एकश
Classification part
Holdings
Withdrawn status Lost status Not for loan Collection code Home library Current library Date acquired Source of acquisition Cost, normal purchase price Full call number Barcode Copy number Cost, replacement price Koha item type
      Fiction Bawana Bawana 27/12/2011 एलाईड पब्लिशर्स/1107/21.9.11/8/15.9.11/4.10.11 450.00 क एकश B-443991 1 450.00 Hindi Books
      Fiction Central Library Central Library 27/12/2011 एलाईड पब्लिशर्स/1107/21.9.11/8/15.9.11/4.10.11 450.00 क एकश B-443978 2 450.00 Hindi Books
      Fiction Central Library Central Library 27/12/2011 एलाईड पब्लिशर्स/1107/21.9.11/8/15.9.11/4.10.11 450.00 क एकश B-443979 2 450.00 Hindi Books
    Not For Loan Fiction D.B.Act.Division D.B.Act.Division 20/04/2011 DBAD /PUB 450.00 क एकश HN-64759 1 450.00 Hindi Books
      Fiction Janak Puri Janak Puri 27/12/2011 एलाईड पब्लिशर्स/1107/21.9.11/8/15.9.11/4.10.11 450.00 क एकश B-443986 1 450.00 Hindi Books
      Fiction Kasturba Gandhi Marg Kasturba Gandhi Marg 27/12/2011 एलाईड पब्लिशर्स/1107/21.9.11/8/15.9.11/4.10.11 450.00 क एकश B-443983 1 450.00 Hindi Books
      Fiction Mobile Library Mobile Library 27/12/2011 एलाईड पब्लिशर्स/1107/21.9.11/8/15.9.11/4.10.11 450.00 क एकश B-443980 2 450.00 Hindi Books
      Fiction Mobile Library Mobile Library 27/12/2011 एलाईड पब्लिशर्स/1107/21.9.11/8/15.9.11/4.10.11 450.00 क एकश B-443981 2 450.00 Hindi Books
      Fiction Narela Narela 27/12/2011 एलाईड पब्लिशर्स/1107/21.9.11/8/15.9.11/4.10.11 450.00 क एकश B-443990 1 450.00 Hindi Books
      Fiction Patel Nagar Patel Nagar 27/12/2011 एलाईड पब्लिशर्स/1107/21.9.11/8/15.9.11/4.10.11 450.00 क एकश B-443982 1 450.00 Hindi Books
      Fiction Peshwa Road Peshwa Road 27/12/2011 एलाईड पब्लिशर्स/1107/21.9.11/8/15.9.11/4.10.11 450.00 क एकश B-443984 1 450.00 Hindi Books
      Fiction R.K.Puram-8 R.K.Puram-8 27/12/2011 एलाईड पब्लिशर्स/1107/21.9.11/8/15.9.11/4.10.11 450.00 क एकश B-443988 1 450.00 Hindi Books
      Fiction Sarojini Nagar Sarojini Nagar 27/12/2011 एलाईड पब्लिशर्स/1107/21.9.11/8/15.9.11/4.10.11 450.00 क एकश B-443987 1 450.00 Hindi Books
      Fiction Shahdara Branch Shahdara Branch 27/12/2011 एलाईड पब्लिशर्स/1107/21.9.11/8/15.9.11/4.10.11 450.00 क एकश B-443992 1 450.00 Hindi Books
      Fiction Tri Nagar Tri Nagar 27/12/2011 एलाईड पब्लिशर्स/1107/21.9.11/8/15.9.11/4.10.11 450.00 क एकश B-443985 1 450.00 Hindi Books
      Fiction Vinoba Puri Vinoba Puri 27/12/2011 एलाईड पब्लिशर्स/1107/21.9.11/8/15.9.11/4.10.11 450.00 क एकश B-443989 1 450.00 Hindi Books
      Fiction Yojana Vihar Yojana Vihar 27/12/2011 एलाईड पब्लिशर्स/1107/21.9.11/8/15.9.11/4.10.11 450.00 क एकश B-443993 1 450.00 Hindi Books

© Delhi Public Library
Hit Counter
free hit counter